| 000 | 008590000a22002530004500 | ||
|---|---|---|---|
| 090 |
_aAR _b00912 |
||
| 245 | 1 | 0 | _aNew species of Psychotria subg. Heteropsychotria (<Rubiaceae: Psychotrieae>) from South America |
| 650 | 1 | 4 |
_aVegetación _992799 |
| 650 | 1 | 4 |
_aNuevas especies _992905 |
| 650 | 1 | 4 |
_aTaxonomía vegetal _992262 |
| 650 | 1 | 4 |
_aMorfología vegetal _918295 |
| 651 | 4 |
_pColombia _992749 |
|
| 651 | 4 |
_pVenezuela _992749 |
|
| 651 | 4 |
_pEcuador _992749 |
|
| 651 | 4 |
_pPerú _992749 |
|
| 653 |
_fRubiaceae _gPsychotria _ePsychotria cauligera |
||
| 653 |
_fRubiaceae _gPsychotria _ePsychotria fusiformis |
||
| 653 |
_fRubiaceae _gPsychotria _ePsychotria hypochlorina |
||
| 653 |
_fRubiaceae _gPsychotria _ePsychotria paeonia |
||
| 041 | 0 | _aInglés | |
| 100 | 1 |
_aTaylor, Charlotte M. _99073 |
|
| 942 | _cARTICULO | ||
| 773 | 1 |
_tSIDA _3329 _h4 _q709-718 _d1997 _g17 |
|
| 999 |
_c10000 _d10000 |
||